| 000 | 00374nam a22001457a 4500 | ||
|---|---|---|---|
| 003 | MACL | ||
| 005 | 20211007130122.0 | ||
| 008 | 191108b xxu||||| |||| 00| 0 eng d | ||
| 040 | _cMACL | ||
| 100 |
_aSrivastva, Ankit _977074 |
||
| 245 |
_aHindustani Music _bA Tradition in Transition |
||
| 260 |
_aDelhi _bCyber Tech Pub _c2015 |
||
| 650 |
_aMusic _977075 |
||
| 942 |
_2ddc _cBK |
||
| 999 |
_c61278 _d61278 |
||